| 000 | 00835 a2200181 4500 | ||
|---|---|---|---|
| 020 | _a978-0-07-305194-9 | ||
| 082 | _a515.9 | ||
| 090 |
_c1793 _d1793 |
||
| 100 | _aBrown, James Ward | ||
| 245 |
_aComplex Variables and Applications _cJames Ward Brown and Ruel V. Churchill |
||
| 250 | _aEighth Edition | ||
| 260 |
_aBoston _bMcGraw Hill Higher Education _c2004 |
||
| 300 | _axi, 468 | ||
| 942 |
_aSNS _cBK _k515.9 BRO |
||
| 999 |
_c30399 _d30399 |
||